000 00984nam0a22002411 4500
001 rc\254954
005 20030307120954.2
035 _a(NLR Aleph) 005517577
090 _a5473267
_c5473267
100 _a20030307d1990 u |0rusy50 ca
101 0 _arus
102 _aRU
105 _aa |||||||||
200 1 _aИсходный нефтегазоматеринский потенциал органического вещества осадков
_e(На прим. впадин Охот. моря)
_fАН СССР. Дальневост. отд-ние. Ин-т мор. геологии и геофизики
210 _aВладивосток
_cДВО АН СССР
_d1990
215 _a110, [1] с.
_cил.
_d27
_eПрил. ([5] отд. л. ил.)
320 _aБиблиогр.: с. 106-111
700 1 _aГрецкая
_bЕ. В.
_gЕлена Владимировна
801 0 _aRU
_bNLR
_gpsbo
801 1 _aRU
_bELAR
_2rusmarc
852 _aNLR
_j90-7/1115
942 _cBOOK
980 _aNB